000 00659nam a22002297a 4500
003 UA-OsUOA
001 92543
007 ta
008 20121219b un ||||| |||| 00| 0 ukr d
100 _aГорьовий В.П.
700 _aПрудивус Л.В.
090 _a330(477)
_bГ71
942 _cSA
040 _aUA-OsUOA
_bukr
_cUA-OsUOA
_dUA-OsUOA
245 _aАграрна політика у розвитку фермерства в Україні
300 _aС.10-18
955 _a0
041 _aukr
080 _a330(477)
773 0 _w92542
_tЕкономіка АПК
_dК.
_d2012
_g12
650 7 _a330 Економіка взагалі
_2UDC
999 _c378793
_d378793